Statystyki dla Co to za piłkarz-level średni

Kliknij tutaj aby rozwiązać quiz!

Ogólne statystyki

  • Ten quiz został rozwiązany 31 razy
  • Średni wynik to 12 z 16

Statystyki odpowiedzi

Odpowiedź% Poprawnych
Thomas Lemar
100%
Julian Alvarez
93%
Mikel Oyarzabal
89%
Felipe Anderson
86%
Jonathan David
86%
Karim Adeyemi
86%
Louis Openda
82%
Krystian Bielik
79%
Curtis Jones
75%
Dominic Solanke
75%
Theo Walcot
68%
Matt Turner
64%
Illan Meslier
57%
Elif Elmas
54%
Ruben Vargas
46%
Nicolo Rovella
32%

Rozkład punktacji

Percentyl według liczby udzielonych odpowiedzi

Procent ludzi z każdym wynikiem

Twoja historia wyników

Nie rozwiązałeś tego quizu